[Event "MEX-ch U26"]
[Site "Merida"]
[Date "2019.05.17"]
[Round "6"]
[White "Suarez Martinez, Gibran De"]
[Black "Gomez, Ornelas Brayan"]
[Result "1-0"]
[WhiteElo "1451"]
[BlackElo "1744"]
[PlyCount "73"]
[EventDate "2019.05.12"]
[EventType "swiss"]
[EventRounds "6"]
[EventCountry "MEX"]
[SourceTitle "EXT 2020"]
[Source "ChessBase"]
[SourceDate "2019.10.17"]
[SourceVersion "1"]
[SourceVersionDate "2019.10.17"]
[SourceQuality "1"]

1. e4 e6 2. d4 d5 3. exd5 exd5 4. c4 c6 5. Nc3 Nf6 6. Nf3 Bd6 7. c5 Bc7 8. Bd3 Bg4 9. h3 Bh5 10. Qe2+ Qe7 11. Qxe7+ Kxe7 12. Nh4 Re8 13. 0-0 Kf8 14. Bd2 Nbd7 15. Rfe1 Kg8 16. Rxe8+ Rxe8 17. Re1 Rxe1+ 18. Bxe1 Bf4 19. g4 Bg6 20. Nxg6 hxg6 21. Ne2 Bc7 22. f3 Nf8 23. b4 Ne6 24. Bd2 b6 25. a4 bxc5 26. dxc5 Nd7 27. f4 Kf8 28. Be3 a5 29. f5 gxf5 30. gxf5 Nd8 31. b5 Ne5 32. b6 Bxb6 33. cxb6 Nxd3 34. Bd2 Nb7 35. Nd4 Nb4 36. Bxb4+ axb4 37. Nb3 1-0